<?xml version="1.0" encoding="UTF-8"?>
<collection xmlns="http://www.loc.gov/MARC21/slim">
    <record>
        <controlfield tag="001">90291</controlfield>
        <controlfield tag="005">20200717113351.0</controlfield>
        <datafield tag="037" ind1=" " ind2=" ">
            <subfield code="a">TAZ-TFG-2017-2093</subfield>
        </datafield>
        <datafield tag="041" ind1=" " ind2=" ">
            <subfield code="a">spa</subfield>
        </datafield>
        <datafield tag="100" ind1="1" ind2=" ">
            <subfield code="a">Grasa Herreruela, Raúl</subfield>
        </datafield>
        <datafield tag="242" ind1="0" ind2="0">
            <subfield code="a">Physiotherapy Management Plan in Carpal Tunnel Syndrome and Complex Regional Pain Syndrome Type I. A Case Report.</subfield>
        </datafield>
        <datafield tag="245" ind1="0" ind2="0">
            <subfield code="a">Plan de intervención fisioterápico en síndrome del túnel carpiano y síndrome de dolor regional complejo tipo I. A propósito de un caso</subfield>
        </datafield>
        <datafield tag="260" ind1=" " ind2=" ">
            <subfield code="a">Zaragoza</subfield>
            <subfield code="b">Universidad de Zaragoza</subfield>
            <subfield code="c">2017</subfield>
        </datafield>
        <datafield tag="506" ind1=" " ind2=" ">
            <subfield code="a">by-nc-sa</subfield>
            <subfield code="b">Creative Commons</subfield>
            <subfield code="c">3.0</subfield>
            <subfield code="u">http://creativecommons.org/licenses/by-nc-sa/3.0/</subfield>
        </datafield>
        <datafield tag="520" ind1=" " ind2=" ">
            <subfield code="a"> Introducción: la compresión del nervio mediano a su paso por el túnel del carpo, conocida como síndrome del túnel carpiano (STC) constituye la neuropatía periférica de atrapamiento más frecuente en humanos. El síndrome de dolor regional complejo (SDRC) tipo I constituye un conjunto de síntomas caracterizados por la presencia de dolor regional de predominio distal en extremidades, acompañado de signos inflamatorios externos y neurovasculares que afectan a todos los tejidos orgánicos Objetivo del estudio: analizar el efecto de un plan de intervención fisioterápico y su consiguiente evolución en un paciente con síndrome del túnel carpiano y síndrome de dolor regional complejo tipo I. Metodología: se trata de un estudio intrasujeto n=1 de tipo AB en el que se describe el caso de un paciente con STC y SDRC tipo I tras antecedente traumático con pérdida importante de la movilidad de muñeca y mano, y de sensibilidad en el territorio del nervio mediano. Se realizó una valoración fisioterápica inicial. Con la información obtenida se marcaron los objetivos a conseguir y se diseñó un plan de intervención combinando diversas técnicas (terapia manual, neurodinámica, cinesiterapia, terapia de espejo, etc.) Desarrollo: una vez finalizado el tratamiento, se realizó una nueva valoración fisioterápica en la que se evidenció una mejoría de la capacidad funcional, de la amplitud de recorrido articular y ligeramente del dolor, una discreta mejoría en la reeducación de la sensibilidad y un aumento de la fuerza muscular. Conclusiones: el plan de intervención fisioterápica realizado ha resultado efectivo en relación con los objetivos expuestos, a excepción de la disminución del dolor, la hipoalgesia y las parestesias, dado que la mejoría para estos puntos fue discreta.&lt;br /></subfield>
        </datafield>
        <datafield tag="521" ind1=" " ind2=" ">
            <subfield code="a">Graduado en Fisioterapia</subfield>
        </datafield>
        <datafield tag="540" ind1=" " ind2=" ">
            <subfield code="a">Derechos regulados por licencia Creative Commons</subfield>
        </datafield>
        <datafield tag="700" ind1=" " ind2=" ">
            <subfield code="a">Hidalgo García, César</subfield>
            <subfield code="e">dir.</subfield>
        </datafield>
        <datafield tag="710" ind1="2" ind2=" ">
            <subfield code="a">Universidad de Zaragoza</subfield>
            <subfield code="b">Fisiatría y Enfermería</subfield>
            <subfield code="c">Fisioterapia</subfield>
        </datafield>
        <datafield tag="856" ind1="0" ind2=" ">
            <subfield code="f">680645@celes.unizar.es</subfield>
        </datafield>
        <datafield tag="856" ind1="4" ind2=" ">
            <subfield code="s">1707037</subfield>
            <subfield code="u">http://zaguan.unizar.es/record/90291/files/TAZ-TFG-2017-2093.pdf</subfield>
            <subfield code="y">Memoria (spa)</subfield>
        </datafield>
        <datafield tag="909" ind1="C" ind2="O">
            <subfield code="o">oai:zaguan.unizar.es:90291</subfield>
            <subfield code="p">driver</subfield>
            <subfield code="p">trabajos-fin-grado</subfield>
        </datafield>
        <datafield tag="950" ind1=" " ind2=" ">
            <subfield code="a"></subfield>
        </datafield>
        <datafield tag="951" ind1=" " ind2=" ">
            <subfield code="a">deposita:2020-07-17</subfield>
        </datafield>
        <datafield tag="980" ind1=" " ind2=" ">
            <subfield code="a">TAZ</subfield>
            <subfield code="b">TFG</subfield>
            <subfield code="c">EUCS</subfield>
        </datafield>
    </record>

    
</collection>